Modelado hidráulico del acueducto de Pedregoso Norte de Pérez Zeledón y propuestas para su mejora
Guardat en:
| Autor principal: | |
|---|---|
| Altres autors: | |
| Format: | Llibre |
| Idioma: | Spanish |
| Publicat: |
[San José ], Costa Rica
2019
|
| Matèries: | |
| Etiquetes: |
Afegir etiqueta
Sense etiquetes, Sigues el primer a etiquetar aquest registre!
|
MARC
| LEADER | 00000nam a22000007a 4500 | ||
|---|---|---|---|
| 003 | 013070 | ||
| 005 | 20230426152813.0 | ||
| 008 | 190711b2019 c a|||| m||| 00| ||spa d | ||
| 040 | |c cru CEDI | ||
| 100 | |9 438 |a Zamora Valerio, Adriana Carolina, 1994- | ||
| 245 | |a Modelado hidráulico del acueducto de Pedregoso Norte de Pérez Zeledón y propuestas para su mejora | ||
| 260 | |a [San José ], Costa Rica |c 2019 | ||
| 500 | |a Proyecto de graduación (licenciatura en ingeniería civil)--Universidad de Costa Rica. Facultad de Ingeniería. Escuela de Ingeniería Civil. Departamento. Hidráulica y Ambiental | ||
| 501 | |a Director de Proyecto de Graduación: Ing. Luis Manuel Zamora González | ||
| 610 | 0 | |9 439 |a ACUEDUCTO PEDREGOSO NORTE (COSTA RICA) | |
| 650 | |x MODELOS HIDRAULICOS |x PEDREGOSO (PEREZ ZELEDÓN, SAN JOSÉ, COSTA RICA) |x ACUEDUCTOS - ASPECTOS LEGALES - COSTA RICA |x PEDREGOSO (PEREZ ZELEDÓN, SAN JOSÉ, COSTA RICA) - SUMINISTRO DE AGUA - SIMULACION POR COMPUTADORA | ||
| 700 | |9 167 |a Zamora González, Luis Manuel, 1969- |d Director del TFG | ||
| 942 | |c CEDI |h TFG 8220 |6 TFG_8220_000000000000000 | ||
| 999 | |c 21732 |d 21732 | ||
